01323nam a22002657a 45000010005000000030006000050050017000110080041000280200018000690400029000870500014001160820010001301000030001402450083001702500041002532600040002943000045003345050007003795200530003865210027009165210018009436500021009616500036009827000039010185839FISKH20250526150313.0250124b cb ||||| |||| 00| 0 eng d a9780753457375 aFISKHbengcFISKHdFISKH aPZ7.M2784 a823.9 aMaisner, Heatherd(1953-) aTime to see the doctor /cHeather Maisner ; Illustrated by Kristina Stephenson aThis edition first published in 2004 aMassachusetts :bKingfiswer,c2004. a22 pages :bcolor illustrations ;c21 cm aG  aThe morning of Ben and Amy's trip to the zoo, Ben wakes up feeling ill. Instead of visiting the lions and koalas, they go to see the doctor. Ben is frightened at first, but Amy shows him that the doctor doesn't hurt. This gently amusing story addresses the anxiety that young children often experience when they visit the doctor. Featuring charming illustrations, believable characters and a positive message about new situations, every title in the First Time Stories series is perfect for sharing aloud with young children.8 a370 bLexile estimate 8 aG bRaz-Plus  2DoctoraFeelings 2Going to the doctoraBeing sick aStenphenson, Kristinadillustrator